Nové spôsoby hodnotenia investičných príležitostí pre použitie rizikového kapitálu
Charakteristika rizikového kapitálu. Investičná podpora vo forme rizikového kapitálu. Efektívnosť investícií. Klasické metódy multikriteriálneho hodnotenia. Metóda binárnej entropie.
Uložené v:
| Hlavný autor: | |
|---|---|
| Ďalší autori: | , |
| Médium: | Kapitola |
| Jazyk: | Slovak |
| Predmet: | |
| Tagy: |
Žiadne tagy, Buďte prvý, kto otaguje tento záznam!
|
MARC
| LEADER | 00000nla$a2200000$$$4500 | ||
|---|---|---|---|
| 001 | 0112483 | ||
| 005 | 20240712094146.0 | ||
| 041 | 0 | |a slo | |
| 044 | |a SK | ||
| 245 | 1 | 0 | |a Nové spôsoby hodnotenia investičných príležitostí pre použitie rizikového kapitálu |c Marek Andrejkovič, Zuzana Hajduová, Lucia Bosáková |
| 520 | |a Charakteristika rizikového kapitálu. Investičná podpora vo forme rizikového kapitálu. Efektívnosť investícií. Klasické metódy multikriteriálneho hodnotenia. Metóda binárnej entropie. | ||
| 610 | 2 | 0 | |a financie |
| 610 | 2 | 0 | |a investície |
| 610 | 2 | 0 | |a kapitál rizikový |
| 610 | 2 | 0 | |a efektívnosť investícií |
| 610 | 2 | 0 | |a projekty investičné |
| 610 | 2 | 0 | |a metódy ekonomicko-matematické |
| 610 | 2 | 0 | |a entropia |
| 100 | 1 | |a Andrejkovič, Marek | |
| 700 | 1 | |a Hajduová, Zuzana, 1974- | |
| 700 | 1 | |a Bosáková, Lucia | |